| 000 | 00723nam a2200181Ia 4500 | ||
|---|---|---|---|
| 008 | 151018s9999 xx 000 0 und d | ||
| 082 |
_bRBASDV4938 _a891.464 |
||
| 100 | _aश वि ठाकर | ||
| 245 | _aजवाहरलालजींच्या शब्दात गांधीजी | ||
| 250 | _b1 | ||
| 260 |
_bसर्वोदय साहित्य संस्थान _c1961 |
||
| 300 | _a60 | ||
| 600 | _aश वि ठाकर | ||
| 630 | _aजवाहरलालजींच्या शब्दात गांधीजी | ||
| 700 | _aश वि ठाकर | ||
| 730 | _aजवाहरलालजींच्या शब्दात गांधीजी | ||
| 942 | _cBOOK | ||
| 999 |
_c1007322 _d1007319 |
||